Transportný robot pre sledovanie operátora

Guardado en:
Detalles Bibliográficos
Autor principal: Fojtík, Juraj (Autor)
Otros Autores: Hubinský, Peter (Orientador)
Formato: Manuscrito Libro
Lenguaje:eslovaco
Publicado: 2017
Materias:
Acceso en línea:http://is.stuba.sk/zp/portal_zp.pl?podrobnosti=130968
Etiquetas: Agregar Etiqueta
Sin Etiquetas, Sea el primero en etiquetar este registro!

MARC

LEADER 00000ntm a22000003a 4500
001 stuzp60884
003 SK-STU
005 20170626131315.7
007 ta
008 150427s2015----xo-----f-mn---000-0-slo-d
040 |a STU  |b slo 
041 0 |a slo 
044 |a xo 
100 1 |a Fojtík, Juraj  |u 031000  |4 aut  |U FEI Fakulta elektrotechniky a informatiky  |T FEI Ústav robotiky a kybernetiky  |X 47567  |U E011  |Y 356  |7 47567 
242 0 1 |a Transport robot for operator tracking  |y eng 
245 1 0 |a Transportný robot pre sledovanie operátora 
260 |c 2017 
300 |a 73 s., príl.,  |b CD-ROM 
650 4 |a riadenie rýchlosti a prúdu motora  |2 slo 
650 4 |a inerciálna meracia jednotka  |2 slo 
650 4 |a sledovanie operátora  |2 slo 
650 4 |a snímač Kinect  |2 slo 
650 4 |a spracovanie obrazu  |2 slo 
650 4 |a záplavový algoritmus  |2 slo 
650 4 |a mobilný robot  |2 slo 
650 4 |a lokalizácia  |2 slo 
650 4 |a mapovanie  |2 slo 
650 4 |a plánovanie  |2 slo 
650 4 |a navigácia  |2 slo 
650 4 |a image and vision computing  |2 eng 
650 4 |a planning  |2 eng 
650 4 |a operator trancking  |2 eng 
650 4 |a flame algorithm  |2 eng 
650 4 |a mobile robot  |2 eng 
650 4 |a inertial measurement unit  |2 eng 
650 4 |a Kinect  |2 eng 
650 4 |a localization  |2 eng 
650 4 |a mapping  |2 eng 
650 4 |a navigation  |2 eng 
650 4 |a regulation current and speed for motor  |2 eng 
700 1 |a Hubinský, Peter  |u 031000  |k Z1  |4 ths  |U FEI Fakulta elektrotechniky a informatiky  |T FEI Ústav robotiky a kybernetiky  |X 4940  |U E011  |Y 356  |7 A000004940 
856 4 |u http://is.stuba.sk/zp/portal_zp.pl?podrobnosti=130968 
996 |b 284EP11581  |c E*DIPL- 11581  |l EE31  |s P  |a 0  |w stuzp60884_0001